[Event "Labour Day op"]
[Site "Victoria CAN"]
[Date "1999.09.05"]
[Round "3"]
[White "Morrison, Dan"]
[Black "Chranowski, Rick"]
[Result "1/2-1/2"]
[WhiteElo "1497"]
[BlackElo "1894"]
[PlyCount "47"]
[GameId "2160767911742243"]
[EventDate "1999.09.04"]
[EventType "swiss"]
[EventRounds "6"]
[EventCountry "CAN"]
[SourceTitle "EXT 2022"]
[Source "ChessBase"]
[SourceDate "2021.10.06"]
[SourceVersion "1"]
[SourceVersionDate "2021.10.06"]
[SourceQuality "1"]

1. e4 Nc6 2. d4 e5 3. d5 Nce7 4. Nf3 d6 5. c4 f5 6. Nc3 Nf6 7. Bg5 Ng6 8. exf5 Bxf5 9. Bd3 Qd7 10. Bxf6 gxf6 11. Bxf5 Qxf5 12. Qa4+ Ke7 13. Qb5 Bh6 14. Qxb7 Rhc8 15. O-O Nf4 16. c5 Nxg2 17. cxd6+ Kf7 18. d7 Rg8 19. d6 Nh4+ 20. Kh1 Nxf3 21. dxc7 Qh3 22. Qd5+ Ke7 23. Qc5+ Kf7 24. Qd5+ 1/2-1/2

[Event "Labour Day op"]
[Site "Victoria CAN"]
[Date "1999.09.05"]
[Round "3"]
[White "Scoones, Dan"]
[Black "Kostadinov, George"]
[Result "1/2-1/2"]
[WhiteElo "2284"]
[BlackElo "2145"]
[PlyCount "88"]
[GameId "2160767911742244"]
[EventDate "1999.09.04"]
[EventType "swiss"]
[EventRounds "6"]
[EventCountry "CAN"]
[SourceTitle "EXT 2022"]
[Source "ChessBase"]
[SourceDate "2021.10.06"]
[SourceVersion "1"]
[SourceVersionDate "2021.10.06"]
[SourceQuality "1"]

1. e4 c5 2. c3 d6 3. d4 Nd7 4. Nf3 e6 5. Bd3 Ngf6 6. O-O Be7 7. Re1 e5 8. Nbd2 O-O 9. Nc4 Qc7 10. Bg5 Re8 11. Ne3 Bf8 12. dxe5 dxe5 13. Qb3 b5 14. Qxb5 Bb7 15. Nc4 Rab8 16. Qa4 Bc6 17. Qc2 Bb5 18. b3 Qc6 19. Qe2 Bxc4 20. Bxc4 Qc7 21. Bxf6 Nxf6 22. Rad1 Qa5 23. Rd3 Qa3 24. Red1 h6 25. Nh4 a5 26. Nf5 Rb7 27. h3 a4 28. Nd6 Bxd6 29. Rxd6 Ra7 30. Bb5 axb3 31. axb3 Rf8 32. Bc4 Qa2 33. Qxa2 Rxa2 34. f3 Rc2 35. R6d3 Nh5 36. R1d2 Rc1+ 37. Rd1 Rc2 38. R1d2 Rc1+ 39. Kf2 Nf4 40. Rd8 Rxc3 41. h4 Rxd8 42. Rxd8+ Kh7 43. Bxf7 Rc2+ 44. Kf1 Rc1+ 1/2-1/2

[Event "Labour Day op"]
[Site "Victoria CAN"]
[Date "1999.09.05"]
[Round "3"]
[White "Small, Hugh"]
[Black "Moisseev, Dmitri"]
[Result "1-0"]
[WhiteElo "1691"]
[BlackElo "1971"]
[PlyCount "41"]
[GameId "2160767911742245"]
[EventDate "1999.09.04"]
[EventType "swiss"]
[EventRounds "6"]
[EventCountry "CAN"]
[SourceTitle "EXT 2022"]
[Source "ChessBase"]
[SourceDate "2021.10.06"]
[SourceVersion "1"]
[SourceVersionDate "2021.10.06"]
[SourceQuality "1"]

1. d4 f5 2. Bg5 h6 3. Bf4 Nf6 4. h3 d6 5. Nc3 g5 6. Bd2 e5 7. e3 Qe7 8. dxe5 dxe5 9. Be2 Be6 10. Nf3 Nbd7 11. Nb5 Qc5 12. Bc3 O-O-O 13. b4 Qe7 14. Nxa7+ Kb8 15. Nb5 Nc5 16. Qc1 Nfe4 17. Qa3 Nxc3 18. Qa7+ Kc8 19. Nxe5 Nd7 20. Qa8+ Nb8 21. Na7# 1-0

[Event "Labour Day op"]
[Site "Victoria CAN"]
[Date "1999.09.05"]
[Round "4"]
[White "Kostadinov, George"]
[Black "Saunders, Stephen"]
[Result "1-0"]
[WhiteElo "2145"]
[BlackElo "2074"]
[PlyCount "23"]
[GameId "2160767911742246"]
[EventDate "1999.09.04"]
[EventType "swiss"]
[EventRounds "6"]
[EventCountry "CAN"]
[SourceTitle "EXT 2022"]
[Source "ChessBase"]
[SourceDate "2021.10.06"]
[SourceVersion "1"]
[SourceVersionDate "2021.10.06"]
[SourceQuality "1"]

1. d4 f5 2. Nc3 Nf6 3. Bg5 d5 4. Nf3 c6 5. e3 e6 6. Be2 Nbd7 7. Ne5 Be7 8. h4 Nxe5 9. dxe5 Ne4 10. Nxe4 fxe4 11. Bxe7 Qb6 12. O-O 1-0

[Event "Labour Day op"]
[Site "Victoria CAN"]
[Date "1999.09.05"]
[Round "4"]
[White "Moore, Harry"]
[Black "Scoones, Dan"]
[Result "1/2-1/2"]
[WhiteElo "2252"]
[BlackElo "2284"]
[PlyCount "96"]
[GameId "2160767911742247"]
[EventDate "1999.09.04"]
[EventType "swiss"]
[EventRounds "6"]
[EventCountry "CAN"]
[SourceTitle "EXT 2022"]
[Source "ChessBase"]
[SourceDate "2021.10.06"]
[SourceVersion "1"]
[SourceVersionDate "2021.10.06"]
[SourceQuality "1"]

1. e4 d5 2. exd5 Nf6 3. d4 Nxd5 4. c4 Nb6 5. Nf3 g6 6. Nc3 Bg7 7. c5 Nd5 8. Bc4 c6 9. h3 O-O 10. O-O Nxc3 11. bxc3 b6 12. cxb6 axb6 13. Re1 e6 14. Ne5 c5 15. Qf3 Ra7 16. Be3 Bb7 17. Qg3 Bd5 18. Rad1 cxd4 19. Rxd4 Bxe5 20. Qxe5 Nc6 21. Rxd5 Nxe5 22. Rxd8 Nxc4 23. Rxf8+ Kxf8 24. Bh6+ Ke7 25. Rb1 Kd6 26. Rb4 Kd5 27. a4 Ra6 28. Be3 e5 29. Kf1 f5 30. g3 Nxe3+ 31. fxe3 Kc6 32. g4 Ra5 33. gxf5 gxf5 34. Rh4 Ra7 35. Rh6+ Kd5 36. Rxb6 Rxa4 37. Rh6 Ra7 38. Rh4 Rc7 39. Ke2 Rxc3 40. e4+ fxe4 41. Rxh7 e3 42. Rh8 Kd4 43. Rh4+ e4 44. Rh8 Rc2+ 45. Ke1 e2 46. Ra8 Ke3 47. Ra3+ Kf4 48. h4 Rb2 1/2-1/2

[Event "Labour Day op"]
[Site "Victoria CAN"]
[Date "1999.09.06"]
[Round "5"]
[White "Aquino, Manfrei"]
[Black "Pechisker, Alfred"]
[Result "0-1"]
[WhiteElo "1929"]
[BlackElo "2202"]
[PlyCount "52"]
[GameId "2160767911742248"]
[EventDate "1999.09.04"]
[EventType "swiss"]
[EventRounds "6"]
[EventCountry "CAN"]
[SourceTitle "EXT 2022"]
[Source "ChessBase"]
[SourceDate "2021.10.06"]
[SourceVersion "1"]
[SourceVersionDate "2021.10.06"]
[SourceQuality "1"]

1. d4 Nf6 2. c4 c5 3. d5 b5 4. a4 bxc4 5. Nc3 d6 6. e4 Ba6 7. f4 e6 8. dxe6 fxe6 9. e5 dxe5 10. Qxd8+ Kxd8 11. fxe5 Nd5 12. Nb5 Nc6 13. Nf3 Ncb4 14. Bg5+ Be7 15. Bxe7+ Kxe7 16. Kd2 Bxb5 17. axb5 Nb6 18. Be2 Rhd8+ 19. Kc3 N4d5+ 20. Kc2 Ne3+ 21. Kc3 Rd7 22. Ra5 Rad8 23. Ne1 Rd4 24. Rxa7+ Ke8 25. Bf3 Rd3+ 26. Nxd3 Rxd3# 0-1

[Event "Labour Day op"]
[Site "Victoria CAN"]
[Date "1999.09.06"]
[Round "5"]
[White "Ferguson, Jim"]
[Black "Kostadinov, George"]
[Result "1-0"]
[WhiteElo "2215"]
[BlackElo "2145"]
[PlyCount "55"]
[GameId "2160767911742249"]
[EventDate "1999.09.04"]
[EventType "swiss"]
[EventRounds "6"]
[EventCountry "CAN"]
[SourceTitle "EXT 2022"]
[Source "ChessBase"]
[SourceDate "2021.10.06"]
[SourceVersion "1"]
[SourceVersionDate "2021.10.06"]
[SourceQuality "1"]

1. e4 c5 2. Nf3 d6 3. d4 cxd4 4. Nxd4 Nf6 5. Nc3 a6 6. Bc4 e6 7. Bb3 Qc7 8. O-O Nc6 9. Be3 b5 10. f4 Be7 11. f5 Nxd4 12. Bxd4 O-O 13. Qf3 b4 14. Ne2 e5 15. Be3 Bb7 16. Ng3 Qc6 17. Bg5 Rfd8 18. Kh1 Rac8 19. Rae1 a5 20. Nh5 a4 21. Bxf6 Bxf6 22. Nxf6+ gxf6 23. Qh5 axb3 24. Qh6 bxc2 25. Rf3 c1=Q 26. Rg3+ Qg5 27. Rxg5+ fxg5 28. f6 1-0

[Event "Labour Day op"]
[Site "Victoria CAN"]
[Date "1999.09.06"]
[Round "5"]
[White "Scoones, Dan"]
[Black "Carlisle, Michael"]
[Result "1-0"]
[WhiteElo "2284"]
[BlackElo "2129"]
[PlyCount "67"]
[GameId "2160767911742250"]
[EventDate "1999.09.04"]
[EventType "swiss"]
[EventRounds "6"]
[EventCountry "CAN"]
[SourceTitle "EXT 2022"]
[Source "ChessBase"]
[SourceDate "2021.10.06"]
[SourceVersion "1"]
[SourceVersionDate "2021.10.06"]
[SourceQuality "1"]

1. Nf3 c5 2. c4 g6 3. d4 cxd4 4. Nxd4 Bg7 5. e4 Nc6 6. Be3 Nf6 7. Nc3 d6 8. Be2 O-O 9. O-O Bd7 10. Qd2 Rc8 11. f3 Re8 12. Rfd1 Ne5 13. b3 a6 14. Rac1 Qc7 15. Bf1 Qb8 16. Nc2 b5 17. cxb5 axb5 18. Nb4 Qb7 19. Ncd5 Nxd5 20. exd5 Rxc1 21. Rxc1 Rc8 22. h3 Bxh3 23. f4 Ng4 24. gxh3 Nxe3 25. Qxe3 Rxc1 26. Qxc1 Qb6+ 27. Kg2 Qd4 28. Nc6 Qxd5+ 29. Kh2 Bf6 30. Bg2 Qd3 31. Nb4 Qd4 32. Nd5 Bh4 33. Qc8+ Kg7 34. Qc3 1-0

[Event "Labour Day op"]
[Site "Victoria CAN"]
[Date "1999.09.06"]
[Round "6"]
[White "Moore, Harry"]
[Black "Ferguson, Jim"]
[Result "1-0"]
[WhiteElo "2252"]
[BlackElo "2215"]
[PlyCount "73"]
[GameId "2160767911742251"]
[EventDate "1999.09.04"]
[EventType "swiss"]
[EventRounds "6"]
[EventCountry "CAN"]
[SourceTitle "CFC 1999.12"]
[Source "CFC"]
[SourceDate "1999.12.??"]
[SourceVersionDate "1999.12.??"]
[SourceQuality "1"]

1. d4 Nf6 2. Nf3 g6 3. c3 Bg7 4. Bg5 O-O 5. Nbd2 d6 6. e4 Qe8 7. Bc4 e5 8. O-O Nc6 9. Re1 h6 10. Bh4 Nh5 11. Nb3 Bg4 12. d5 Ne7 13. Na5 Rb8 14. a4 Bf6 15. Bxf6 Nxf6 16. h3 Bd7 17. Bf1 Nh5 18. g3 f5 19. exf5 gxf5 20. Bb5 Bxb5 21. axb5 Nf6 22. c4 Qh5 23. Nh4 Qg5 24. Nb3 f4 25. Kg2 fxg3 26. fxg3 Kh8 27. Qd2 Qg7 28. Nd4 Nh5 29. Ra3 Rf6 30. Ne6 Qg8 31. Rf3 Qh7 32. Qf2 Rxf3 33. Qxf3 Qc2+ 34. Re2 Qxc4 35. Kh2 Qxd5 36. Ng6+ Kh7 37. Qf7+ 1-0

[Event "Labour Day op U2200"]
[Site "Toronto CAN"]
[Date "1999.09.04"]
[Round "1"]
[White "Veltmann, Martin"]
[Black "Benggawan, Amanda"]
[Result "1-0"]
[WhiteElo "2054"]
[BlackElo "1932"]
[PlyCount "69"]
[GameId "2160767911742252"]
[EventDate "1999.09.04"]
[EventType "swiss"]
[EventRounds "6"]
[EventCountry "CAN"]

1. d4 d5 2. Nf3 Nf6 3. c4 e6 4. Nc3 Be7 5. Bf4 O-O 6. e3 Nbd7 7. Qc2 a6 8. O-O-O c6 9. g4 dxc4 10. Bxc4 Nd5 11. Nxd5 exd5 12. Bd3 h6 13. Rhg1 Nf6 14. g5 hxg5 15. Bxg5 Re8 16. Bh6 Bf8 17. Ne5 Be6 18. f3 Rc8 19. Qg2 Nh5 20. Kb1 c5 21. f4 c4 22. Bc2 Qb6 23. Ka1 c3 24. b3 Bf5 25. Bxf5 Qxh6 26. Bxc8 Rxc8 27. Qxd5 Rc7 28. Rc1 b5 29. Qd8 Qd6 30. Qxd6 Bxd6 31. Nd3 Nf6 32. b4 Ne4 33. Nc5 f5 34. Rg6 Be7 35. Rxa6 1-0

[Event "Labour Day op U2200"]
[Site "Toronto CAN"]
[Date "1999.09.05"]
[Round "2"]
[White "Veltmann, Martin"]
[Black "Alcaide, Florante"]
[Result "1/2-1/2"]
[WhiteElo "2054"]
[BlackElo "2176"]
[PlyCount "97"]
[GameId "2160767911742253"]
[EventDate "1999.09.04"]
[EventType "swiss"]
[EventRounds "6"]
[EventCountry "CAN"]

1. c4 Nf6 2. Nc3 e6 3. d4 Bb4 4. e3 b6 5. Nf3 Bb7 6. Bd3 O-O 7. O-O d5 8. a3 Bxc3 9. bxc3 Re8 10. a4 Nbd7 11. Ba3 e5 12. dxe5 Nxe5 13. Nxe5 Rxe5 14. c5 Ne4 15. cxb6 axb6 16. Bxe4 Rxe4 17. Bb2 Qe8 18. Qh5 Ra5 19. Rad1 Raxa4 20. Rd2 Rh4 21. Qd1 Ra8 22. Rd4 Re4 23. Qd2 c5 24. Rxe4 Qxe4 25. f3 Qe6 26. Ra1 Re8 27. Ra7 Qc6 28. Kf2 c4 29. Ba3 h6 30. Qd4 Ra8 31. Rxa8+ Bxa8 32. Bb4 Qc7 33. g3 f6 34. Qg4 Qc6 35. h4 Bb7 36. Qd4 Kf7 37. Qf4 Bc8 38. h5 Ke6 39. Qg4+ Kf7 40. Qf4 Kg8 41. Qb8 Kh7 42. Qf4 Qa4 43. g4 Qd7 44. Qd6 Qxd6 45. Bxd6 g6 46. hxg6+ Kxg6 47. Kg3 f5 48. Kf4 fxg4 49. fxg4 1/2-1/2

[Event "Labour Day op U2200"]
[Site "Toronto CAN"]
[Date "1999.09.05"]
[Round "3"]
[White "Brice, Ron"]
[Black "Veltmann, Martin"]
[Result "1-0"]
[WhiteElo "1938"]
[BlackElo "2054"]
[PlyCount "104"]
[GameId "2160767911742254"]
[EventDate "1999.09.04"]
[EventType "swiss"]
[EventRounds "6"]
[EventCountry "CAN"]

1. c4 Nf6 2. g3 e5 3. Bg2 Nc6 4. Nc3 Bb4 5. Nd5 Bc5 6. e3 O-O 7. Ne2 Nxd5 8. cxd5 Ne7 9. O-O d6 10. h3 f5 11. d3 Ng6 12. Kh2 Bd7 13. Bd2 Qe7 14. b4 Bb6 15. a4 a5 16. b5 Rae8 17. Rc1 Kh8 18. Rc4 Rf6 19. Nc1 Qf7 20. f4 Ne7 21. Qf3 Ng6 22. Re1 exf4 23. exf4 Rxe1 24. Bxe1 Qe7 25. Bc3 Rf8 26. Nb3 Ra8 27. Qd1 Be8 28. Qd2 Be3 29. Qe1 b6 30. Bd4 Bxd4 31. Qxe7 Nxe7 32. Nxd4 Rc8 33. Ne6 Bf7 34. Rxc7 Rxc7 35. Nxc7 Bh5 36. Kg1 Bd1 37. Kf2 Bxa4 38. Ke1 Kg8 39. Kd2 Kf7 40. Bf3 Nc8 41. Kc3 Ke7 42. Ne6 Bxb5 43. Nxg7 Bd7 44. g4 b5 45. g5 Be8 46. Nxf5+ Kf8 47. h4 Bd7 48. Nd4 Nb6 49. Be4 b4+ 50. Kc2 Kg8 51. Nc6 Bxc6 52. dxc6 Na8 1-0

[Event "Labour Day op U2200"]
[Site "Toronto CAN"]
[Date "1999.09.05"]
[Round "4"]
[White "Stevens, Christian"]
[Black "Veltmann, Martin"]
[Result "0-1"]
[WhiteElo "1892"]
[BlackElo "2054"]
[PlyCount "60"]
[GameId "2160767911742255"]
[EventDate "1999.09.04"]
[EventType "swiss"]
[EventRounds "6"]
[EventCountry "CAN"]

1. e4 g6 2. d4 d6 3. Nc3 Bg7 4. f4 Nf6 5. e5 Nfd7 6. Nf3 O-O 7. Be3 c5 8. e6 fxe6 9. Ng5 Nf6 10. dxc5 Nc6 11. cxd6 exd6 12. Qd2 Ng4 13. Bg1 Qa5 14. Be2 Bxc3 15. bxc3 Nf6 16. c4 Qxd2+ 17. Kxd2 Bd7 18. Be3 b6 19. Rad1 h6 20. Nh3 Rad8 21. Kc1 Bc8 22. Bf3 Na5 23. Rd4 Ba6 24. Be2 d5 25. Bd3 Ng4 26. Bd2 Nc6 27. cxd5 Nxd4 28. dxe6 Bxd3 29. e7 Rc8 30. exf8=Q+ Kxf8 0-1

[Event "Lac Beauport op"]
[Site "Lac Beauport CAN"]
[Date "1999.11.12"]
[Round "1"]
[White "Auger, Bertrand"]
[Black "Pescarus, Dana"]
[Result "1/2-1/2"]
[WhiteElo "2047"]
[BlackElo "1608"]
[PlyCount "58"]
[GameId "2160767911741851"]
[EventDate "1999.11.12"]
[EventType "swiss"]
[EventRounds "5"]
[EventCountry "CAN"]

1. Nf3 e6 2. g3 d5 3. Bg2 Nf6 4. O-O c5 5. b3 Bd6 6. Bb2 Nc6 7. d4 O-O 8. e3 b6 9. Qe2 Re8 10. Ne5 Bb7 11. Nd2 Rc8 12. Rfd1 Bf8 13. dxc5 bxc5 14. c4 Qc7 15. Nxc6 Bxc6 16. cxd5 exd5 17. Bxf6 gxf6 18. Qg4+ Bg7 19. Rac1 Bd7 20. Qf3 Be6 21. Nb1 Qe5 22. Nc3 d4 23. exd4 cxd4 24. Ne2 Rxc1 25. Nxc1 Bf5 26. Nd3 Bxd3 27. Qxd3 f5 28. Bf3 Rc8 29. Qd2 Rc3 1/2-1/2

[Event "Lac Beauport op"]
[Site "Lac Beauport CAN"]
[Date "1999.11.13"]
[Round "2"]
[White "Roussel-Roozmon, Thomas"]
[Black "Auger, Bertrand"]
[Result "0-1"]
[WhiteElo "1882"]
[BlackElo "2047"]
[PlyCount "92"]
[GameId "2160767911741852"]
[EventDate "1999.11.12"]
[EventType "swiss"]
[EventRounds "5"]
[EventCountry "CAN"]

1. d4 e6 2. c4 Nf6 3. Nc3 Bb4 4. Nf3 b6 5. g3 Bb7 6. Bg2 O-O 7. O-O Bxc3 8. bxc3 d6 9. Bg5 Nbd7 10. Nd2 Bxg2 11. Kxg2 h6 12. Bxf6 Nxf6 13. e4 e5 14. f4 Qd7 15. h3 exf4 16. gxf4 Rfe8 17. Qf3 Nh7 18. Kh2 Re7 19. Rg1 Rae8 20. Qh5 Nf6 21. Qxh6 Ng4+ 22. Rxg4 Qxg4 23. hxg4 gxh6 24. Kg3 Kg7 25. Rh1 c5 26. Rh5 cxd4 27. cxd4 Rxe4 28. Nxe4 Rxe4 29. Rd5 Re3+ 30. Kh4 Rc3 31. Rxd6 Rxc4 32. g5 hxg5+ 33. Kxg5 Rc2 34. Rd7 Rxa2 35. d5 b5 36. Rb7 a6 37. Kf5 Re2 38. Rb6 Re8 39. d6 Ra8 40. Rb7 a5 41. Rxb5 a4 42. Rb2 a3 43. Ra2 Ra5+ 44. Kg4 Kf8 45. f5 f6 46. Rd2 Ke8 0-1

[Event "Lac Beauport op"]
[Site "Lac Beauport CAN"]
[Date "1999.11.13"]
[Round "3"]
[White "Auger, Bertrand"]
[Black "Cazelais, Marc"]
[Result "1-0"]
[WhiteElo "2047"]
[BlackElo "2203"]
[PlyCount "81"]
[GameId "2160767911741853"]
[EventDate "1999.11.12"]
[EventType "swiss"]
[EventRounds "5"]
[EventCountry "CAN"]

1. Nf3 Nf6 2. g3 g6 3. b4 Bg7 4. Bb2 O-O 5. Bg2 d6 6. O-O e5 7. d3 c6 8. Nbd2 Nbd7 9. c4 Nh5 10. Qc2 f5 11. Rfe1 Re8 12. e4 f4 13. d4 fxg3 14. hxg3 exd4 15. Bxd4 Bxd4 16. Nxd4 Ne5 17. c5 dxc5 18. Qxc5 Kh8 19. Qc3 Qf6 20. f4 Ng4 21. e5 Qg7 22. Ne4 Bf5 23. Nd6 Rf8 24. N6xf5 gxf5 25. Ne6 Qh6 26. Nxf8 Rxf8 27. e6+ Nhf6 28. e7 Re8 29. Rad1 Kg8 30. Rd8 Kf7 31. Qb3+ Kg7 32. Rxe8 Nxe8 33. Qb2+ Kf7 34. Bf3 Ngf6 35. Qb3+ Kg7 36. b5 cxb5 37. Bxb7 Qg6 38. Bc6 Ng4 39. Re6 Qh5 40. Qb2+ Kf7 41. Bd5 1-0

[Event "Lac Beauport op"]
[Site "Lac Beauport CAN"]
[Date "1999.11.14"]
[Round "4"]
[White "Khassanov, Marat"]
[Black "Auger, Bertrand"]
[Result "1-0"]
[WhiteElo "2429"]
[BlackElo "2047"]
[PlyCount "50"]
[GameId "2160767911741854"]
[EventDate "1999.11.12"]
[EventType "swiss"]
[EventRounds "5"]
[EventCountry "CAN"]

1. d4 e6 2. Nf3 Nf6 3. c4 b6 4. a3 Bb7 5. Nc3 Be7 6. Bg5 O-O 7. Qc2 d5 8. Bxf6 Bxf6 9. cxd5 exd5 10. g3 c5 11. Rd1 Re8 12. Bg2 Nc6 13. dxc5 d4 14. O-O bxc5 15. Ne4 Rc8 16. Nxc5 Ba8 17. Rfe1 a5 18. Qa4 g6 19. Nd3 Rc7 20. Rc1 Re6 21. Rc2 Rce7 22. Rec1 Qe8 23. Nf4 Rd6 24. Ne1 d3 25. Nexd3 Rd4 1-0

[Event "Lac Beauport op"]
[Site "Lac Beauport CAN"]
[Date "1999.12.14"]
[Round "5"]
[White "Auger, Bertrand"]
[Black "St Amand, Paul Jr"]
[Result "1/2-1/2"]
[WhiteElo "2047"]
[BlackElo "2151"]
[PlyCount "35"]
[GameId "2160767911741855"]
[EventDate "1999.11.12"]
[EventType "swiss"]
[EventRounds "5"]
[EventCountry "CAN"]

1. Nf3 c5 2. b3 Nc6 3. Bb2 e6 4. g3 d5 5. Bg2 Nf6 6. O-O Be7 7. c4 d4 8. d3 O-O 9. Na3 e5 10. Nc2 Re8 11. e3 dxe3 12. Nxe3 Bd6 13. Nd2 Be6 14. Ne4 Be7 15. Nxf6+ Bxf6 16. Nd5 Be7 17. f4 f6 18. fxe5 1/2-1/2

[Event "Lac Beauport op U2000"]
[Site "Lac Beauport CAN"]
[Date "1999.11.12"]
[Round "1"]
[White "Bergeron, Michel"]
[Black "Lacroix, Serge"]
[Result "1/2-1/2"]
[Annotator "Incomplete"]
[WhiteElo "1675"]
[BlackElo "1967"]
[PlyCount "45"]
[GameId "2160767738857317"]
[EventDate "1999.11.12"]
[EventType "swiss"]
[EventRounds "5"]
[EventCountry "CAN"]
[SourceTitle "Lacroix"]

1. Nf3 Nf6 2. c4 e6 3. Nc3 Bb4 4. Qc2 O-O 5. e3 b6 6. a3 Bxc3 7. Qxc3 Bb7 8. Be2 Qe7 9. d3 d6 10. b4 a5 11. Bb2 axb4 12. axb4 Rxa1+ 13. Bxa1 Nbd7 14. O-O e5 15. Re1 Ra8 16. Bb2 c5 17. Nd2 Nf8 18. d4 cxd4 19. exd4 Ne6 20. Nf3 Ne4 21. Qe3 exd4 22. Nxd4 Qg5 23. Qxg5 {etc.} 1/2-1/2

[Event "Lac Beauport op U2000"]
[Site "Lac Beauport CAN"]
[Date "1999.11.12"]
[Round "1"]
[White "Chirito, Edward"]
[Black "Morin, Louis"]
[Result "1/2-1/2"]
[WhiteElo "1636"]
[BlackElo "1859"]
[PlyCount "79"]
[GameId "2160767911741856"]
[EventDate "1999.11.12"]
[EventType "swiss"]
[EventRounds "5"]
[EventCountry "CAN"]
[SourceTitle "hb 2013"]

1. d4 d5 2. Nf3 c5 3. c3 e6 4. Bg5 Nf6 5. e3 h6 6. Bh4 Be7 7. h3 O-O 8. Bd3 b6 9. Qe2 Bb7 10. Ne5 Nbd7 11. Nxd7 Nxd7 12. Bxe7 Qxe7 13. O-O e5 14. dxe5 Nxe5 15. Ba6 Rfe8 16. Bxb7 Qxb7 17. Nd2 Rad8 18. Nf3 d4 19. Nxe5 Rxe5 20. Rad1 Qe7 21. Qd3 Red5 22. Qc4 Qd7 23. cxd4 cxd4 24. exd4 Rxd4 25. Rxd4 Qxd4 26. Qc7 Rd7 27. Qc8+ Kh7 28. b3 b5 29. Rc1 Rd6 30. Qf5+ Kg8 31. Rc8+ Rd8 32. Rxd8+ Qxd8 33. Qxb5 Qd1+ 34. Kh2 Qd6+ 35. g3 Qa3 36. Qe8+ Kh7 37. Qxf7 Qxa2 38. Kg2 a5 39. Qc4 Qd2 40. Qe4+ 1/2-1/2

[Event "Lac Beauport op U2000"]
[Site "Lac Beauport CAN"]
[Date "1999.11.13"]
[Round "2"]
[White "Lacroix, Serge"]
[Black "Delisle, Louis-Martin"]
[Result "1-0"]
[WhiteElo "1967"]
[BlackElo "1583"]
[PlyCount "91"]
[GameId "2160767911741857"]
[EventDate "1999.11.12"]
[EventType "swiss"]
[EventRounds "5"]
[EventCountry "CAN"]
[SourceTitle "Lacroix"]

1. e4 c6 2. d4 d5 3. Nc3 dxe4 4. Nxe4 Nd7 5. Nf3 Ngf6 6. Nxf6+ Nxf6 7. c4 g6 8. h3 Bg7 9. Bd3 Be6 10. Bd2 O-O 11. Bc3 Nh5 12. Qd2 Qd7 13. g4 Bxg4 14. hxg4 Qxg4 15. Be2 Rfd8 16. O-O-O Nf4 17. Rh4 Nxe2+ 18. Qxe2 Qf5 19. Qe4 Qf6 20. Kb1 Qd6 21. Re1 e6 22. Ne5 Rab8 23. f4 c5 24. dxc5 Qxc5 25. Qe3 Qe7 26. Rhh1 b5 27. Nc6 Qb7 28. Nxd8 Rxd8 29. Rd1 Re8 30. Bxg7 Kxg7 31. Qe5+ Kg8 32. cxb5 Qf3 33. Rhf1 Qg2 34. Rc1 Rf8 35. Rfd1 h5 36. Rg1 Qf3 37. Rc3 Qf2 38. Rgc1 Qd2 39. a4 Rd8 40. Rc8 Qd3+ 41. Ka1 Kh7 42. Rxd8 Qxd8 43. Qc7 Qf6 44. Qe5 Qxe5 45. fxe5 g5 46. a5 1-0

[Event "Lac Beauport op U2000"]
[Site "Lac Beauport CAN"]
[Date "1999.11.13"]
[Round "2"]
[White "Morin, Louis"]
[Black "Cummins, Paul"]
[Result "1-0"]
[WhiteElo "1859"]
[BlackElo "1566"]
[PlyCount "59"]
[GameId "2160767911741858"]
[EventDate "1999.11.12"]
[EventType "swiss"]
[EventRounds "5"]
[EventCountry "CAN"]
[SourceTitle "hb 2013"]

1. e4 c5 2. d4 cxd4 3. c3 dxc3 4. Nxc3 d6 5. Nf3 g6 6. Bc4 e6 7. O-O Nd7 8. Qe2 Nb6 9. Bb3 Bg7 10. Rd1 Ne7 11. Nb5 d5 12. exd5 Nexd5 13. Bxd5 Nxd5 14. Rxd5 Qe7 15. Nd6+ Kf8 16. Rd1 e5 17. Nxc8 Rxc8 18. Be3 e4 19. Nd4 Be5 20. Bh6+ Kg8 21. Rac1 Rxc1 22. Rxc1 Bxh2+ 23. Kxh2 Qh4+ 24. Kg1 Qxh6 25. Qe3 Qxe3 26. fxe3 Kg7 27. Rc7 Rb8 28. Ne6+ Kf6 29. Nc5 b6 30. Nd7+ 1-0

[Event "Lac Beauport op U2000"]
[Site "Lac Beauport CAN"]
[Date "1999.11.13"]
[Round "3"]
[White "Morin, Louis"]
[Black "Lacroix, Serge"]
[Result "1/2-1/2"]
[WhiteElo "1856"]
[BlackElo "1980"]
[PlyCount "79"]
[GameId "2160767911741859"]
[EventDate "1999.11.12"]
[EventType "swiss"]
[EventRounds "5"]
[EventCountry "CAN"]
[SourceTitle "hb 2013"]

1. e4 e5 2. Nf3 Nc6 3. Bb5 a6 4. Bxc6 dxc6 5. O-O Bg4 6. h3 Bxf3 7. Qxf3 Qf6 8. Qxf6 Nxf6 9. d3 O-O-O 10. Be3 Nd7 11. Nc3 Bc5 12. Bxc5 Nxc5 13. f4 exf4 14. Rxf4 f6 15. Ne2 Ne6 16. Rf2 c5 17. b3 b5 18. Nf4 Nxf4 19. Rxf4 c4 20. dxc4 bxc4 21. e5 Rd2 22. Rxc4 fxe5 23. Re1 Re8 24. Re3 Rf8 25. Rxe5 Rff2 26. Rg5 g6 27. a4 Rxc2 28. Rxc2 Rxc2 29. Rg4 c5 30. Rc4 Rxc4 31. bxc4 Kc7 32. a5 Kd6 33. Kf2 Ke5 34. Ke3 g5 35. g3 h5 36. Kd3 h4 37. gxh4 gxh4 38. Ke3 Kf5 39. Kf3 Ke5 40. Ke3 1/2-1/2

[Event "Lac Beauport op U2000"]
[Site "Lac Beauport CAN"]
[Date "1999.11.14"]
[Round "4"]
[White "Gauthier, Denis"]
[Black "Morin, Louis"]
[Result "1/2-1/2"]
[WhiteElo "1946"]
[BlackElo "1859"]
[PlyCount "84"]
[GameId "2160767911741860"]
[EventDate "1999.11.12"]
[EventType "swiss"]
[EventRounds "5"]
[EventCountry "CAN"]
[SourceTitle "hb 2013"]

1. d4 d5 2. c4 e6 3. Nc3 c5 4. cxd5 exd5 5. e4 dxe4 6. Bc4 Nf6 7. Qb3 Qd7 8. Bb5 Nc6 9. d5 Be7 10. dxc6 bxc6 11. Bc4 O-O 12. Nge2 Qg4 13. Be3 Qxg2 14. O-O-O Ng4 15. Rdg1 Qf3 16. Nd1 Ne5 17. Bh6 Bf6 18. Qxf3 exf3 19. Nf4 Kh8 20. Nh5 gxh6 21. Nxf6 Nxc4 22. Rg3 Ne5 23. Rhg1 Be6 24. Ne3 Nd7 25. Rxf3 Nxf6 26. Rxf6 Rg8 27. Rg3 Rxg3 28. hxg3 Kg7 29. Rf4 Bxa2 30. Nf5+ Kf8 31. Nxh6 Rd8 32. Nf5 Bb3 33. Ne3 Rd4 34. Rf5 c4 35. Rh5 Rd7 36. Rc5 Ba4 37. Rxc4 Bb5 38. Rh4 Bd3 39. Rh5 Kg7 40. Rc5 Rd6 41. Ra5 a6 42. Rc5 Kg6 1/2-1/2